|
|
|
|
| LEADER |
00000naa0a2200000 4500 |
| 001 |
661040 |
| 005 |
20250829104424.0 |
| 035 |
|
|
|a (RuTPU)RU\TPU\network\31263
|
| 035 |
|
|
|a RU\TPU\network\30821
|
| 090 |
|
|
|a 661040
|
| 100 |
|
|
|a 20191119d2018 k y0rusy50 ca
|
| 101 |
0 |
|
|a rus
|
| 102 |
|
|
|a RU
|
| 135 |
|
|
|a drcn ---uucaa
|
| 181 |
|
0 |
|a i
|
| 182 |
|
0 |
|a b
|
| 200 |
1 |
|
|a Исследование фракций смолисто-асфальтеновых веществ
|f П. И. Зырянова, А. Б. Стреляев, К. Б. Кривцова
|
| 203 |
|
|
|a Текст
|c электронный
|
| 300 |
|
|
|a Заглавие с экрана
|
| 320 |
|
|
|a [Библиогр.: с. 394 (1 назв.)]
|
| 463 |
|
|
|t Фундаментальная математика и ее приложения в естествознании
|o тезисы докладов X Международной школы-конференции студентов, аспирантов и молодых ученых, посвященной 100-летию первого декана математического факультета БашГУ Зигандара Иргалеевича Биглова,г. Уфа, 16 - 20 октября 2018 г.
|v [С. 293-294]
|d 2018
|
| 610 |
1 |
|
|a электронный ресурс
|
| 610 |
1 |
|
|a труды учёных ТПУ
|
| 610 |
1 |
|
|a смолисто-асфальтеновые вещества
|
| 700 |
|
1 |
|a Зырянова
|b П. И.
|g Полина Игоревна
|
| 701 |
|
1 |
|a Стреляев
|b А. Б.
|g Артём Дмитриевич
|
| 701 |
|
1 |
|a Кривцова
|b К. Б.
|c химик
|c инженер Томского политехнического университета
|f 1988-
|g Ксения Борисовна
|3 (RuTPU)RU\TPU\pers\39078
|
| 712 |
0 |
2 |
|a Национальный исследовательский Томский политехнический университет
|b Инженерная школа природных ресурсов
|b Отделение химической инженерии
|3 (RuTPU)RU\TPU\col\23513
|
| 801 |
|
2 |
|a RU
|b 63413507
|c 20191119
|g RCR
|
| 856 |
4 |
|
|u http://matem.anrb.ru/bsuconf/2018/tezisu.pdf#page=294
|
| 942 |
|
|
|c CF
|